| 000 | 00728nam a2200217Ia 4500 | ||
|---|---|---|---|
| 003 | GCL | ||
| 008 | 140319s9999 xx 000 0 ara d | ||
| 040 |
_aGCL / _cGCL |
||
| 082 | 0 | 4 |
_a956.91 _bا ط |
| 100 | 1 | _aاحمد صدقى الدجانى | |
| 245 | 1 | 0 |
_aالطريق الى حطين والقدس احياء الذكرى بعد ثمانية قرون / _cاحمد صدقى الدجانى |
| 300 | _a71 ص | ||
| 490 | _a | ||
| 650 | 0 | 4 | _aالتاريخ الاسلامى |
| 650 | 0 | 4 | _aالحروب الصليبية فى فلسطين والشام |
| 650 | 0 | 4 | _aمعركة حطين |
| 650 | 0 | 4 | _aفتح بيت المقدس |
| 650 | 0 | 4 | _aفلسطين - تاريخ |
| 650 | 0 | 4 | _aالقدس - تاريخ |
| 942 |
_2ddc _cBK |
||
| 999 |
_c39085 _d39085 |
||